Normal view
MARC view
Entry Personal Name
001 - CONTROL NUMBER
- control field: 15507
003 - CONTROL NUMBER IDENTIFIER
- control field: OSt
005 - DATE AND TIME OF LATEST TRANSACTION
- control field: 20211213113126.0
008 - FIXED-LENGTH DATA ELEMENTS
- fixed length control field: 211213|| aca||aabn | a|a d
040 ## - CATALOGING SOURCE
- Original cataloging agency: OSt
- Transcribing agency: OSt
100 ## - HEADING--PERSONAL NAME
- Personal name: Neil, Smith; Peter,Williams
670 ## - SOURCE DATA FOUND
- Source citation: Work cat.: (OSt): Neil, Smith; Peter,Williams, Gentrification of the City., 2007.
